000 00458nmm a2200169Ia 4500
008 251105s9999||||xx |||||||||||||||||und||
020 _a9789502331324
041 _aspa
100 _aRoldán, Daniel
245 0 _aPalabra de ilustrador
264 _a[Buenos Aires, Argentina] :
_bEudeba,
_c2021
300 _a159 páginas
490 _aCuadernos
650 _aArts in general
856 _uhttps://public.digitaliapublishing.com/a/128532
942 _cCF
999 _c93327
_d93327